header

An introduction to education; (Record no. 255714)

MARC details
000 -LEADER
fixed length control field 00665cam a2200241 4500
001 - CONTROL NUMBER
control field 1729564
003 - CONTROL NUMBER IDENTIFIER
control field OSt
005 - DATE AND TIME OF LATEST TRANSACTION
control field 20170224140350.0
008 - FIXED-LENGTH DATA ELEMENTS--GENERAL INFORMATION
fixed length control field 720612s1972 nyu b 000 0 eng
010 ## - LIBRARY OF CONGRESS CONTROL NUMBER
LC control number 73187599
020 ## - INTERNATIONAL STANDARD BOOK NUMBER
International Standard Book Number 0690447450
040 ## - CATALOGING SOURCE
Original cataloging agency DLC
Transcribing agency DLC
Modifying agency DLC
050 00 - LIBRARY OF CONGRESS CALL NUMBER
Classification number LB41
Item number .C327 1972
082 00 - DEWEY DECIMAL CLASSIFICATION NUMBER
Classification number 370/.8
100 1# - MAIN ENTRY--PERSONAL NAME
Personal name Cann, Marjorie Mitchell,
Dates associated with a name 1914-
Relator term comp.
245 13 - TITLE STATEMENT
Title An introduction to education;
Remainder of title selected readings.
260 ## - PUBLICATION, DISTRIBUTION, ETC. (IMPRINT)
Place of publication, distribution, etc New York,
Name of publisher, distributor, etc Crowell
Date of publication, distribution, etc [1972]
300 ## - PHYSICAL DESCRIPTION
Extent xi, 419 p.
Dimensions 23 cm.
504 ## - BIBLIOGRAPHY, ETC. NOTE
Bibliography, etc Includes bibliographies.
650 #0 - SUBJECT ADDED ENTRY--TOPICAL TERM
Topical term or geographic name as entry element Education.
906 ## - LOCAL DATA ELEMENT F, LDF (RLIN)
a 7
b cbc
c orignew
d 2
e ncip
f 19
g y-gencatlg
942 ## - ADDED ENTRY ELEMENTS (KOHA)
Source of classification or shelving scheme Library of Congress Classification
Koha item type Long Loan Books
Holdings
Withdrawn status Lost status Source of classification or shelving scheme Damaged status Not for loan Collection code Home library Current library Shelving location Date acquired Total Checkouts Full call number Barcode Date last seen Price effective from Koha item type
    Library of Congress Classification     Non-fiction Rongo University Library Rongo University Library General Stacks 24/02/2017   LB41 .C327 1972 201617087 24/02/2017 24/02/2017 Long Loan Books

© 2026 Rongo University
Contact us: librarian | system librarian | Rongo university